Hydraulics and fluid Mechanics (Record no. 8120)
[ view plain ]
| 000 -LEADER | |
|---|---|
| fixed length control field | 00298nam a2200121Ia 4500 |
| 008 - FIXED-LENGTH DATA ELEMENTS--GENERAL INFORMATION | |
| fixed length control field | 191201s2013 xx 000 0 und d |
| 100 ## - MAIN ENTRY--PERSONAL NAME | |
| Personal name | SINGH,Harpreet |
| 245 #0 - TITLE STATEMENT | |
| Title | Hydraulics and fluid Mechanics |
| 250 ## - EDITION STATEMENT | |
| Edition statement | Rep |
| 260 ## - PUBLICATION, DISTRIBUTION, ETC. (IMPRINT) | |
| Date of publication, distribution, etc | 2013 |
| Name of publisher, distributor, etc | Eagle Pub. |
| Place of publication, distribution, etc | NEW DELHI |
| 300 ## - PHYSICAL DESCRIPTION | |
| Extent | 192+29 |
| 942 ## - ADDED ENTRY ELEMENTS (KOHA) | |
| Source of classification or shelving scheme | Dewey Decimal Classification |
| Koha item type | Text Books |
| 942 ## - ADDED ENTRY ELEMENTS (KOHA) | |
| -- | 1 |
| Withdrawn status | Lost status | Source of classification or shelving scheme | Damaged status | Not for loan | Collection code | Home library | Current library | Date acquired | Source of acquisition | Cost, normal purchase price | Bill Number | Total Checkouts | Acc. no. / Barcode | Checked out | Date last seen | Date last borrowed | Bill Date | Koha item type | Full call number |
|---|---|---|---|---|---|---|---|---|---|---|---|---|---|---|---|---|---|---|---|
| Dewey Decimal Classification | Diploma in Mechanical | PIET C-LIBRARY | PIET C-LIBRARY | 01/06/2013 | IBH, New Delhi | 168.00 | 2507 | 1 | DE1013 | 05/11/2020 | 22/10/2020 | 22/10/2020 | 01/06/2013 | Text Books | |||||
| Dewey Decimal Classification | Diploma in Mechanical | PIET C-LIBRARY | PIET C-LIBRARY | 01/06/2013 | IBH, New Delhi | 168.00 | 2507 | DE1014 | 04/12/2019 | 01/06/2013 | Text Books | 620.106 SIH |